000 nam a22 7a 4500
999 _c9414
_d9414
008 180517b ||||| |||| 00| 0 eng d
020 _a1888996099
082 _21999
_aDC 808.81
_bEd2
100 _927950
_aEdelman, Bart,author.
245 _aThe Crow's Nest/
_cBart Edelman.
300 _apage 16;
_c22 cm.
500 _aThe alphabet of love
650 0 _927951
_aLove -- Poems
942 _2ddc
_cDC